Score 0/20 Timer 05:00
0 Plays Today
% Correct
Breakfast
97.5%
The Catcher
97.1%
A Tale
96.8%
One Flew
96.7%
Much Ado
95.7%
The Grapes
95.5%
Gone
93%
A Farewell
92.7%
Interview
92%
Cyrano
86.6%
% Correct
A Passage
84.6%
The World
84%
Waiting
83.1%
A Tree Grows
81.2%
Death
80%
Snow Falling
71%
Notes
65.3%
Death Comes
64%
Evil
62%
Darkness
60.6%
Remove Ads.
Support Sporcle.
Get the best of Sporcle when you Go Orange. This ad-free experience offers more features, more stats, and more fun while also helping to support Sporcle. Thank you for becoming a member.

You're not logged in!

Compare scores with friends on all Sporcle quizzes.
OR
Log In

Sporcle TV

Today on Sporcle TV


Watch our educational content, quiz creation guides, and fun videos on Sporcle TV.

Show Comments

Extras

Top Quizzes Today


Score Distribution

Paid Content

Your Account Isn't Verified!

In order to create a playlist on Sporcle, you need to verify the email address you used during registration. Go to your Sporcle Settings to finish the process.

Report this User

Report this user for behavior that violates our Community Guidelines.

Details: